ULUBIONE SŁODYCZE MAŁYCH DZIECI: - Statystyki

Ogólne statystyki
  • Ten quiz został rozwiązany 220 razy
  • Średni wynik to 3 z 6
Statystyki odpowiedzi
Odpowiedź % Poprawnych
CZEKOLADA
85%
CUKIERKI
77%
ŻELKI
76%
LODY
48%
GUMA
18%
JAJKO Z NIESPODZIANKĄ
3%
Nie znaleziono quizów pasujących do podanych kryteriów
Rozkład punktacji
Procent ludzi z każdym wynikiem
Percentyl według liczby udzielonych odpowiedzi
Twoja historia wyników
Nie rozwiązałeś tego quizu